[Event "NED-ch U13 Girls"]
[Site "Rijswijk"]
[Date "2005.05.07"]
[Round "7"]
[White "Edens, Maike"]
[Black "Vendelbosch, Anouk"]
[Result "1-0"]
[WhiteElo "1318"]
[BlackElo "966"]
[PlyCount "81"]
[EventDate "2005.05.05"]
[EventType "swiss"]
[EventRounds "9"]
[EventCountry "NED"]
[SourceTitle "EXT 2013"]
[Source "ChessBase"]
[SourceDate "2012.11.22"]
[SourceVersion "1"]
[SourceVersionDate "2012.11.22"]
[SourceQuality "1"]

1. b3 e5 2. Bb2 Nc6 3. e3 Nf6 4. f4 e4 5. d3 a6 6. Nd2 d5 7. Rb1 Bg4 8. Be2 Bxe2 9. Qxe2 d4 10. dxe4 Bb4 11. g3 Nxe4 12. Ngf3 Nxd2 13. Nxd2 Bxd2+ 14. Qxd2 dxe3 15. Qxe3+ Ne7 16. Rd1 Qc8 17. Ba3 0-0 18. Bxe7 Re8 19. 0-0 Qg4 20. Qc5 b6 21. Qxc7 Qc8 22. Rd7 Qxc7 23. Rxc7 Rac8 24. Rxc8 Rxc8 25. Rd1 h6 26. Rd8+ Rxd8 27. Bxd8 Kf8 28. Bxb6 Ke7 29. Kf2 Ke6 30. Ke3 f5 31. c4 Kd6 32. Kd4 g6 33. c5+ Kc6 34. h4 h5 35. b4 Kb7 36. Ke5 Kc6 37. Kf6 Kd7 38. Kxg6 Ke6 39. c6 Kd6 40. c7 Kd7 41. Kxh5 1-0

[Event "NED-ch U13 Girls"]
[Site "Rijswijk"]
[Date "2005.05.05"]
[Round "1"]
[White "Schuttel, Kirsten"]
[Black "Vendelbosch, Anouk"]
[Result "1-0"]
[WhiteElo "1280"]
[BlackElo "966"]
[PlyCount "119"]
[EventDate "2005.05.05"]
[EventType "swiss"]
[EventRounds "9"]
[EventCountry "NED"]
[SourceTitle "EXT 2013"]
[Source "ChessBase"]
[SourceDate "2012.11.22"]
[SourceVersion "1"]
[SourceVersionDate "2012.11.22"]
[SourceQuality "1"]

1. e4 e5 2. Nf3 Nc6 3. Bc4 Nf6 4. Ng5 Qe7 5. Nc3 h6 6. Nf3 Qd8 7. d3 Bb4 8. Bd2 d6 9. a3 Bxc3 10. Bxc3 Bg4 11. Qe2 Bxf3 12. Qxf3 Qd7 13. 0-0-0 0-0-0 14. Qh3 Rhe8 15. Qxd7+ Rxd7 16. f3 d5 17. exd5 Nxd5 18. Bd2 Nf4 19. g3 Ne2+ 20. Kb1 Ned4 21. f4 exf4 22. Bxf4 Re2 23. Rd2 Rde7 24. c3 Re1+ 25. Rxe1 Rxe1+ 26. Ka2 b5 27. Bxf7 Nf3 28. Rf2 Nfe5 29. Bxe5 Nxe5 30. Rf5 Nxd3 31. Rxb5 Nc1+ 32. Kb1 Nb3+ 33. Kc2 Nc1 34. Kd2 Re7 35. Kxc1 Rxf7 36. Re5 Rf1+ 37. Kd2 Rf2+ 38. Re2 Rxe2+ 39. Kxe2 Kd7 40. Ke3 Kd6 41. Kd4 c5+ 42. Kc4 Kc6 43. b4 cxb4 44. axb4 Kb6 45. h4 g6 46. g4 a6 47. h5 g5 48. Kd5 Kb5 49. c4+ Kxb4 50. c5 Kb5 51. Kd6 a5 52. c6 a4 53. c7 a3 54. c8Q a2 55. Qa8 Kc4 56. Qxa2+ Kd3 57. Qa4 Ke3 58. Ke5 Kf3 59. Kf5 Kg3 60. Qa3+ 1-0